[Event "SG Porz 2 - SV Erkenschwick 1"]
[Site "Oberliga NRW 2013/2014"]
[Date "2013.12.08"]
[Round "4.8"]
[White "Finke, Kai"]
[Black "Eggenstein, Frank"]
[Result "1/2-1/2"]
[WhiteElo "2022"]
[BlackElo "1921"]
[Annotator "Doe,John"]
[PlyCount "118"]
[EventDate "2013.??.??"]
[WhiteTeam "SG Porz 2"]
[BlackTeam "SV Erkenschwick 1"]

1. d4 Nf6 2. c4 g6 3. Nc3 Bg7 4. e4 d6 5. f4 O-O 6. Nf3 Nbd7 7. Be2 c6 8. Be3
e5 9. fxe5 dxe5 10. d5 Ng4 11. Bg1 Bh6 12. Qd3 f5 13. Nd2 fxe4 14. Ncxe4 Ngf6
15. dxc6 bxc6 16. Be3 Nxe4 $11 17. Nxe4 Bxe3 18. Qxe3 Qb6 19. Qxb6 Nxb6 20. b3
Bf5 21. Nd6 Rad8 22. O-O-O Nc8 23. Nxf5 gxf5 24. g4 f4 25. Bf3 c5 26. Rde1 Rfe8
27. Re2 Kg7 28. g5 Rd3 29. Bh5 Re7 30. Rhe1 Re3 31. Rxe3 fxe3 32. Rxe3 e4 33.
Bg4 Nd6 34. Kd2 Kg6 35. h4 h6 36. gxh6 Kxh6 37. Rg3 Nf7 38. Ke3 Ne5 39. Bf5 Kh5
40. Bxe4 Ng4+ 41. Kf4 Rf7+ 42. Bf5 Nh6 43. Ke4 Rxf5 44. Rg5+ Rxg5 45. hxg5 Kxg5
46. Kd5 Kf5 47. Kxc5 Ke6 48. Kc6 Nf7 49. a4 Ne5+ 50. Kb7 Kd6 51. Kxa7 Kc7 52.
Ka6 Kc6 53. Ka5 Kc5 54. b4+ Kxc4 55. b5 Kc5 56. Ka6 Nd7 57. Kb7 Kb4 58. Kc6
Kxa4 59. Kxd7 Kxb5 1/2-1/2

[Event "SV Dinslaken 1 - Klub Kölner SF 1"]
[Site "Oberliga NRW 2013/2014"]
[Date "2013.12.08"]
[Round "4.1"]
[White "Tugui, Adrian"]
[Black "Trella, Thomas"]
[Result "1/2-1/2"]
[WhiteElo "2379"]
[BlackElo "2375"]
[PlyCount "93"]
[EventDate "2013.??.??"]
[WhiteTeam "Klub Kölner SF 1"]
[BlackTeam "SV Dinslaken 1"]

1. d4 d5 2. c4 e6 3. Nf3 Nf6 4. g3 Bb4+ 5. Bd2 Be7 6. Bg2 O-O 7. Qc2 c6 8. O-O
b6 9. Rd1 Ba6 10. Ne5 Nfd7 11. cxd5 Nxe5 12. d6 Qxd6 13. Bf4 Qd7 14. Bxe5 Bb7
15. Nc3 Na6 16. a3 Nc7 17. e4 Rfc8 18. Qe2 Qe8 19. Qg4 Bf8 20. Re1 Kh8 21. Rad1
f6 22. Bf4 e5 23. dxe5 fxe5 24. Be3 Rd8 25. f4 Ne6 26. fxe5 Bc5 27. Bxc5 Nxc5
28. Rxd8 Rxd8 29. Rd1 Bc8 30. Qh5 g6 31. Qf3 Rxd1+ 32. Nxd1 Kg8 33. b4 Nd7 34.
Qb3+ Kf8 35. e6 Ne5 36. Bh3 Qd8 37. Nf2 Qe7 38. Kg2 Ke8 39. b5 Qd6 40. bxc6
Qxc6 41. Qb2 Qd6 42. Ng4 Nxg4 43. Bxg4 Bxe6 44. Qh8+ Ke7 45. Qxh7+ Bf7 46. Qg7
Qf6 47. Qxf6+ 1/2-1/2

[Event "SV Dinslaken 1 - Klub Kölner SF 1"]
[Site "Oberliga NRW 2013/2014"]
[Date "2013.12.08"]
[Round "4.2"]
[White "Sielecki, Christof"]
[Black "Morawietz, Dieter"]
[Result "1/2-1/2"]
[WhiteElo "2380"]
[BlackElo "2298"]
[Annotator "Doe,John"]
[PlyCount "213"]
[EventDate "2013.??.??"]
[WhiteTeam "SV Dinslaken 1"]
[BlackTeam "Klub Kölner SF 1"]

1. Nf3 c5 2. c4 Nc6 3. d4 cxd4 4. Nxd4 Nf6 5. Nc3 e6 6. Bf4 d5 7. cxd5 Nxd5 8.
Nxc6 bxc6 9. Bd2 Be7 10. g3 Rb8 11. b3 O-O 12. Bg2 Rb7 13. O-O Rd7 14. Qc1 Ba6
15. Re1 c5 16. Na4 Nb6 17. Ba5 Qc7 18. Qc2 Rc8 19. Rad1 c4 20. Rxd7 Qxd7 21.
Nxb6 axb6 22. Bxb6 cxb3 23. Qxb3 Qd2 24. Qb1 Rb8 25. Be3 Rxb1 26. Bxd2 Rb2 27.
Be3 Rxa2 28. Bf1 $11 h5 29. f3 Bb4 30. Rb1 Bxe2 31. Rxb4 Ra1 32. Kf2 Bxf1 33.
Rh4 Ba6 34. Rd4 Rf1+ 35. Kg2 Re1 36. Bf2 Bf1+ 37. Kg1 Rb1 38. Be3 Kh7 39. Kf2
Kg6 40. Rh4 Ba6 41. g4 hxg4 42. Rxg4+ Kh7 43. Bc5 f6 44. Bf8 Rb7 45. Ra4 Rb2+
46. Kg1 Bb7 47. Rg4 g5 48. Rg3 e5 49. h4 gxh4 50. Rg7+ Kh8 51. Rg4 Bxf3 52.
Rxh4+ Kg8 53. Be7 Kf7 54. Rh7+ Kg6 55. Rh8 Kf7 56. Bxf6 Rg2+ 57. Kf1 e4 58. Bd4
Ke6 59. Rd8 Rd2 60. Bb6 Rb2 61. Bd4 Rb3 62. Kf2 Bh5 63. Be3 Ke5 64. Bd4+ Kf5
65. Be3 Bf7 66. Rf8 Rb2+ 67. Kg3 Rb7 68. Rd8 Rb3 69. Kf2 Kg4 70. Rd4 Bg6 71.
Rd8 Rb2+ 72. Rd2 Rb8 73. Rd1 Rf8+ 74. Ke2 Bh5 75. Rd5 Kh4+ 76. Kd2 Bg4 77. Rd4
Bf3 78. Rd7 Kg3 79. Bd4 Bg4 80. Rd6 Rf3 81. Be3 Rf1 82. Kc3 Ra1 83. Rf6 Be2 84.
Bf4+ Kf2 85. Bd6+ Bf3 86. Bc5+ Ke2 87. Rh6 Rc1+ 88. Kd4 Bg2 89. Re6 Rd1+ 90.
Kc4 Bf1 91. Kb4 Bg2 92. Re7 Rd3 93. Re8 Kd2 94. Re7 Rd8 95. Re6 Rb8+ 96. Kc4
Bf1+ 97. Kd5 Kd3 98. Kc6 Bg2 99. Kc7 Rb5 100. Bb6 Rh5 101. Re7 Rh6 102. Ba7 Bh3
103. Re5 Rh7+ 104. Kb8 Rh8+ 105. Kc7 Rh7+ 106. Kb8 Bd7 107. Rd5+ 1/2-1/2

[Event "SV Dinslaken 1 - Klub Kölner SF 1"]
[Site "Oberliga NRW 2013/2014"]
[Date "2013.12.08"]
[Round "4.3"]
[White "Helbig, Mark"]
[Black "Kern, Guido"]
[Result "1/2-1/2"]
[WhiteElo "2242"]
[BlackElo "2259"]
[PlyCount "48"]
[EventDate "2013.??.??"]
[WhiteTeam "Klub Kölner SF 1"]
[BlackTeam "SV Dinslaken 1"]

1. d4 e6 2. Nf3 c5 3. e4 cxd4 4. Nxd4 Nf6 5. Nc3 Nc6 6. Nxc6 bxc6 7. Bd3 e5 8.
O-O d6 9. Kh1 Be7 10. Qe2 O-O 11. b3 Be6 12. Bb2 Nd7 13. Rad1 Qc7 14. Bc4 Nb6
15. Bd3 f6 16. f4 exf4 17. Rxf4 Bf7 18. Rdf1 Nd7 19. Bc4 Ne5 20. Bxf7+ Rxf7 21.
Nd1 Ng6 22. R4f2 Bf8 23. Qc4 Re8 24. Nc3 Ne5 1/2-1/2

[Event "SV Dinslaken 1 - Klub Kölner SF 1"]
[Site "Oberliga NRW 2013/2014"]
[Date "2013.12.08"]
[Round "4.4"]
[White "Mundorf, Johannes"]
[Black "Zuse, Peter"]
[Result "1/2-1/2"]
[WhiteElo "2200"]
[BlackElo "2257"]
[PlyCount "94"]
[EventDate "2013.??.??"]
[WhiteTeam "SV Dinslaken 1"]
[BlackTeam "Klub Kölner SF 1"]

1. Nf3 Nf6 2. g3 b5 3. Bg2 Bb7 4. Na3 a6 5. c4 b4 6. Nc2 e6 7. O-O Be7 8. a3 a5
9. axb4 axb4 10. Rxa8 Bxa8 11. b3 O-O 12. Bb2 c5 13. d4 d6 14. Ne3 Nbd7 15. d5
exd5 16. cxd5 Ne4 17. Qd3 Bf6 18. Bxf6 Ndxf6 19. Ra1 Re8 20. Nd2 Nc3 21. Ndc4
Bb7 22. Ra7 Bc8 23. Bf3 Nb5 24. Ra8 Qc7 25. Ra1 Bd7 26. h4 Qb7 27. Kg2 Ra8 28.
Rxa8+ Qxa8 29. g4 Qd8 30. g5 Ne8 31. Bg4 Nd4 32. Nf5 Bxf5 33. Bxf5 g6 34. Bg4
f5 35. Bf3 Nc7 36. e3 Nxf3 37. Kxf3 Nb5 38. Nd2 Nc3 39. Qa6 Qe7 40. Qc8+ Kg7
41. Qa8 h6 42. gxh6+ Kh7 43. Kg2 Qxh4 44. Qf8 Qg4+ 45. Kh2 Qh4+ 46. Kg2 Qg4+
47. Kh2 Qh4+ 1/2-1/2

[Event "SV Dinslaken 1 - Klub Kölner SF 1"]
[Site "Oberliga NRW 2013/2014"]
[Date "2013.12.08"]
[Round "4.5"]
[White "Bonnmann, Reinhard"]
[Black "Neuer, Thomas"]
[Result "1-0"]
[WhiteElo "2189"]
[BlackElo "2062"]
[PlyCount "83"]
[EventDate "2013.??.??"]
[WhiteTeam "Klub Kölner SF 1"]
[BlackTeam "SV Dinslaken 1"]

1. d4 e6 2. c4 Bb4+ 3. Bd2 a5 4. Nf3 d6 5. g3 Nc6 6. Bg2 e5 7. O-O Nf6 8. Be3
exd4 9. Nxd4 Nxd4 10. Bxd4 O-O 11. Nc3 Nd7 12. Qc2 Bc5 13. Rfd1 Bxd4 14. Rxd4
Nc5 15. Rad1 Be6 16. b3 Qb8 17. a3 Qc8 18. b4 axb4 19. axb4 Nd7 20. Nd5 Bxd5
21. cxd5 Nf6 22. Rc1 Ne8 23. Rh4 g6 24. Qd2 f5 25. e4 Qd8 26. exf5 gxf5 27. Re1
Qf6 28. Rh6 Qg7 29. Rhe6 Ra1 30. Bh3 Rxe1+ 31. Qxe1 Qf7 32. Re7 Qg6 33. Qe6+
Qxe6 34. dxe6 Ng7 35. Bg2 c6 36. Rxb7 Nxe6 37. Bxc6 Nd8 38. Bd5+ Kh8 39. Rd7 f4
40. gxf4 Nf7 41. Rxf7 Rb8 42. Rb7 1-0

[Event "SV Dinslaken 1 - Klub Kölner SF 1"]
[Site "Oberliga NRW 2013/2014"]
[Date "2013.12.08"]
[Round "4.6"]
[White "Cebulla, Konstantin"]
[Black "Wisskirchen, Andreas"]
[Result "1/2-1/2"]
[WhiteElo "2079"]
[BlackElo "2185"]
[PlyCount "87"]
[EventDate "2013.??.??"]
[WhiteTeam "SV Dinslaken 1"]
[BlackTeam "Klub Kölner SF 1"]

1. d4 Nf6 2. c4 g6 3. Nc3 Bg7 4. e4 d6 5. h3 O-O 6. Nf3 e5 7. dxe5 dxe5 8. Qxd8
Rxd8 9. Nd5 Nxd5 10. cxd5 c6 11. Bc4 h6 12. Be3 cxd5 13. Bxd5 Nc6 14. O-O Nb4
15. Bb3 Bd7 16. a3 Nd3 17. Bd5 Bc6 18. Bxc6 bxc6 19. b4 Bf8 20. Rfd1 f5 21.
exf5 gxf5 22. g3 Rd5 23. Kf1 Bg7 24. Rab1 e4 25. Ne1 Nxe1 26. Kxe1 h5 27. Rxd5
cxd5 28. Rd1 Rd8 29. Bxa7 Bb2 30. Bd4 Bxa3 31. b5 Kf7 32. b6 Ke6 33. Ra1 Bd6
34. Ra7 Be5 35. Bxe5 Kxe5 36. Rh7 Rd6 37. b7 Rb6 38. Kd2 d4 39. Rc7 Kd6 40. Rf7
Ke6 41. Rh7 Rb1 42. Kc2 Rb4 43. Kd2 Rb1 44. Kc2 1/2-1/2

[Event "SV Dinslaken 1 - Klub Kölner SF 1"]
[Site "Oberliga NRW 2013/2014"]
[Date "2013.12.08"]
[Round "4.7"]
[White "Meertens, Martin"]
[Black "Walter, Andreas"]
[Result "0-1"]
[WhiteElo "2133"]
[BlackElo "2030"]
[PlyCount "44"]
[EventDate "2013.??.??"]
[WhiteTeam "Klub Kölner SF 1"]
[BlackTeam "SV Dinslaken 1"]

1. d4 d5 2. c4 c6 3. Nc3 Nf6 4. Nf3 e6 5. e3 Nbd7 6. Bd3 dxc4 7. Bxc4 b5 8. Bd3
Bd6 9. O-O O-O 10. e4 e5 11. a4 exd4 12. Nxd4 b4 13. Nce2 Nc5 14. Nxc6 Qc7 15.
e5 Bb7 16. exd6 Qxc6 17. f3 Nxd3 18. Qxd3 Ba6 19. Qd2 Rfe8 20. Rf2 Rad8 21. Nd4
Qxd6 22. Nb5 Qc5 0-1

[Event "SV Dinslaken 1 - Klub Kölner SF 1"]
[Site "Oberliga NRW 2013/2014"]
[Date "2013.12.08"]
[Round "4.8"]
[White "Stillger, Bernhard"]
[Black "Ludwig, Peter"]
[Result "1/2-1/2"]
[WhiteElo "2195"]
[BlackElo "2158"]
[PlyCount "110"]
[EventDate "2013.??.??"]
[WhiteTeam "SV Dinslaken 1"]
[BlackTeam "Klub Kölner SF 1"]

1. e4 e6 2. d4 d5 3. Nc3 Bb4 4. e5 c5 5. a3 Bxc3+ 6. bxc3 Ne7 7. Qg4 O-O 8. Bd3
f5 9. exf6 Rxf6 10. Bg5 Rf7 11. Qh5 g6 12. Qd1 Qa5 13. Bd2 Nbc6 14. Nf3 c4 15.
Be2 Bd7 16. O-O Nf5 17. Ng5 Rff8 18. f4 Nd6 19. Bg4 Rae8 20. Re1 Rf6 21. Re2 h6
22. Nh3 Ne4 23. Qe1 Ne7 24. Nf2 Nxf2 25. Qxf2 Nf5 26. Bxf5 exf5 27. Rxe8+ Bxe8
28. Re1 Qd8 29. Re5 Ba4 30. Be1 Rb6 31. h3 Rb2 32. Re2 Kf7 33. g4 Qf6 34. Qg2
Bc6 35. Bg3 fxg4 36. hxg4 h5 37. gxh5 gxh5 38. f5 Qg5 39. Be5 Rb1+ 40. Kf2
Qxf5+ 41. Ke3 Qe4+ 42. Qxe4 dxe4 43. Rf2+ Kg6 44. Rg2+ Kf5 45. Rf2+ Kg4 46.
Rg2+ Kh3 47. Rh2+ Kg4 48. Rg2+ Kf5 49. Rf2+ Kg6 50. Rg2+ Kh7 51. Rg5 Re1+ 52.
Kd2 Rh1 53. Bf4 Rh4 54. Ke3 Rh3+ 55. Kd2 Rh4 1/2-1/2

[Event "SV Mülheim-Nord 2 - SV Castrop-Rauxel 1"]
[Site "Oberliga NRW 2013/2014"]
[Date "2014.01.12"]
[Round "5.1"]
[White "Van Eijk, Sander"]
[Black "Saltaev, Mihail"]
[Result "1/2-1/2"]
[WhiteElo "2364"]
[BlackElo "2459"]
[Annotator "Doe,John"]
[PlyCount "115"]
[EventDate "2014.??.??"]
[WhiteTeam "SV Castrop-Rauxel 1"]
[BlackTeam "SV Mülheim-Nord 2"]

1. e4 c6 2. d4 d5 3. Nc3 dxe4 4. Nxe4 Bf5 5. Ng3 Bg6 6. Nf3 Nd7 7. Bd3 Bxd3 8.
Qxd3 Ngf6 9. O-O e6 10. Re1 Be7 11. Bf4 O-O 12. Rad1 Re8 13. Ne4 Nxe4 14. Qxe4
Nf6 15. Qe2 Qb6 16. c3 Rad8 17. Ne5 $11 Rd5 18. b4 Rdd8 19. Bg3 Qb5 20. Qc2 a5
21. bxa5 Qxa5 22. Rb1 Qa6 23. Qe2 b5 24. a4 Rd5 25. Bh4 Bd8 26. c4 bxc4 27. Rb8
Rxd4 28. Bxf6 gxf6 29. Nxf7 Qa5 30. Nxd8 Rdxd8 31. Rxd8 Qxd8 32. Qxc4 Qd5 33.
Qg4+ Qg5 $11 34. Qxg5+ fxg5 35. Re5 h6 36. h4 gxh4 37. Kh2 Kf7 38. Kh3 Rc8 39.
Kxh4 c5 40. Kg3 c4 41. Kf3 c3 42. Re1 Rc4 43. Rc1 Rxa4 44. Rxc3 Kf6 45. Rc5
Ra3+ 46. Kf4 Ra2 47. Kg3 Rb2 48. Ra5 Rc2 49. f3 Rb2 50. Kh3 Rf2 51. Kg3 Rb2 52.
Ra8 Rc2 53. Rf8+ Kg7 54. Rf4 Kg6 55. Kh3 Re2 56. g3 Re5 57. Rf8 Rf5 58. Rxf5
1/2-1/2

[Event "SV Mülheim-Nord 2 - SV Castrop-Rauxel 1"]
[Site "Oberliga NRW 2013/2014"]
[Date "2014.01.12"]
[Round "5.2"]
[White "Levin, Felix"]
[Black "Kartsev, Alexandr"]
[Result "1-0"]
[WhiteElo "2474"]
[BlackElo "2189"]
[PlyCount "87"]
[EventDate "2014.??.??"]
[WhiteTeam "SV Mülheim-Nord 2"]
[BlackTeam "SV Castrop-Rauxel 1"]

1. d4 d5 2. c4 c6 3. Nc3 Nf6 4. e3 e6 5. Nf3 Nbd7 6. Qc2 Be7 7. Bd3 O-O 8. O-O
b6 9. e4 dxe4 10. Nxe4 Bb7 11. Nxf6+ Nxf6 12. Rd1 Qc7 13. c5 h6 14. Bd2 Rfd8
15. b4 a5 16. a3 Ba6 17. cxb6 Qxb6 18. bxa5 Bxd3 19. Qxd3 Qa6 20. Qxa6 Rxa6 21.
Rdc1 Nd5 22. Ne5 Rc8 23. Nd3 Raa8 24. Nb4 c5 25. Nxd5 exd5 26. dxc5 Bxc5 27.
Bb4 Ba7 28. Kf1 Kh7 29. Rxc8 Rxc8 30. Rd1 Rd8 31. Ke2 Kg6 32. Rc1 Rd7 33. Rc6+
Kf5 34. Rd6 Rxd6 35. Bxd6 Ke6 36. Bc7 Kd7 37. Bb6 Bxb6 38. axb6 Kc6 39. Kd3
Kxb6 40. Kd4 Kc6 41. g4 g6 42. a4 h5 43. g5 h4 44. h3 1-0

[Event "SV Mülheim-Nord 2 - SV Castrop-Rauxel 1"]
[Site "Oberliga NRW 2013/2014"]
[Date "2014.01.12"]
[Round "5.3"]
[White "Sokalsky, Alexander"]
[Black "Nachbar, Benjamin"]
[Result "0-1"]
[WhiteElo "2221"]
[BlackElo "2133"]
[Annotator "Doe,John"]
[PlyCount "100"]
[EventDate "2014.??.??"]
[WhiteTeam "SV Castrop-Rauxel 1"]
[BlackTeam "SV Mülheim-Nord 2"]

1. Nf3 e6 2. g3 b6 3. Bg2 Bb7 4. c4 f5 5. O-O Nf6 6. b3 g6 7. Bb2 Bg7 8. d3 O-O
9. Qc2 c5 10. Nbd2 Nc6 11. a3 Rc8 12. Rad1 Rc7 $11 13. Qb1 Qa8 14. e3 d6 15.
Ne1 g5 16. d4 Nd8 17. d5 exd5 18. Bxf6 Rxf6 19. cxd5 Nf7 20. Nc4 Ba6 21. Nd3
Bxc4 22. bxc4 Qe8 23. Rfe1 Re7 24. Qc2 Ne5 25. Nxe5 Rxe5 26. Qd2 g4 27. h4 gxh3
28. Bxh3 h5 29. Bg2 h4 30. f4 Re7 31. gxh4 Rh6 32. Kf1 Qg6 33. Re2 Qg4 34. Rf2
Rxh4 35. Re1 Bf6 36. Bf3 Qh3+ 37. Bg2 Qg3 38. Qd3 Rh5 39. Qe2 Reh7 40. Qf3 Qg7
41. Rd1 Rh4 42. Rd3 Rg4 43. Rfd2 Rh2 44. Kg1 Qh6 45. Kf1 Kf8 46. Rc2 Qh4 47.
Rf2 Rg3 48. Qd1 Rgh3 49. Qc2 Qg4 50. Re2 Rh1+ 0-1

[Event "SV Mülheim-Nord 2 - SV Castrop-Rauxel 1"]
[Site "Oberliga NRW 2013/2014"]
[Date "2014.01.12"]
[Round "5.4"]
[White "van Osch, Mees"]
[Black "Kartsev, Soel"]
[Result "0-1"]
[WhiteElo "2244"]
[BlackElo "2223"]
[PlyCount "100"]
[EventDate "2014.??.??"]
[WhiteTeam "SV Mülheim-Nord 2"]
[BlackTeam "SV Castrop-Rauxel 1"]

1. e4 c5 2. Nf3 d6 3. d4 cxd4 4. Nxd4 Nf6 5. Nc3 a6 6. Be3 e5 7. Nf3 Be7 8. Bc4
Be6 9. Bxe6 fxe6 10. Ng5 Qd7 11. Qf3 Nc6 12. Qh3 h6 13. Na4 Nd4 14. Nb6 Nxc2+
15. Kd2 Qc6 16. Rac1 hxg5 17. Qxh8+ Kf7 18. Nxa8 Nxe4+ 19. Kd1 Nxe3+ 20. fxe3
Qa4+ 21. Rc2 Nf2+ 22. Kc1 Nxh1 23. Qh5+ Kf6 24. Nc7 e4 25. b3 Qa5 26. Ne8+ Ke5
27. Qd1 Qb6 28. Qe1 d5 29. Qc3+ d4 30. exd4+ Qxd4 31. Qxd4+ Kxd4 32. Kd2 Nf2
33. Nxg7 Nd3 34. g3 Kd5 35. Ke2 g4 36. Rc8 Bg5 37. Nh5 Nc1+ 38. Ke1 e5 39. Rg8
Be7 40. Rg7 Bb4+ 41. Kf2 Bc5+ 42. Ke1 e3 43. Rxg4 b5 44. h4 Bd4 45. Rxd4+ exd4
46. Nf4+ Ke4 47. h5 d3 48. h6 d2+ 49. Kd1 Nd3 50. Kc2 Nf2 0-1

[Event "SV Mülheim-Nord 2 - SV Castrop-Rauxel 1"]
[Site "Oberliga NRW 2013/2014"]
[Date "2014.01.12"]
[Round "5.5"]
[White "Kusnetsov, Mark"]
[Black "Krueger, Andre"]
[Result "1/2-1/2"]
[WhiteElo "2175"]
[BlackElo "2031"]
[Annotator "Doe,John"]
[PlyCount "59"]
[EventDate "2014.??.??"]
[WhiteTeam "SV Castrop-Rauxel 1"]
[BlackTeam "SV Mülheim-Nord 2"]

1. e4 c5 2. Nc3 Nc6 3. f4 g6 4. Nf3 Bg7 5. Bb5 Nd4 6. O-O e6 7. d3 Ne7 8. Ba4
O-O 9. Ne2 Nxf3+ 10. Rxf3 d5 11. Qe1 c4 12. Kh1 Rb8 13. c3 cxd3 14. Rxd3 Qa5
15. Bc2 dxe4 16. Rh3 e5 17. Re3 Bf5 18. Bxe4 Nd5 19. Bxd5 Qxd5 20. fxe5 Bxe5
21. Rxe5 Qxe5 22. Bf4 Qe4 23. Bxb8 Rxb8 24. Nd4 Re8 25. Qxe4 Bxe4 26. Kg1 f5
$11 27. Rd1 Rd8 28. Kf2 Kf7 29. g3 Kf6 30. Ke3 1/2-1/2

[Event "SV Mülheim-Nord 2 - SV Castrop-Rauxel 1"]
[Site "Oberliga NRW 2013/2014"]
[Date "2014.01.12"]
[Round "5.6"]
[White "Bus, Tom"]
[Black "Hille, Ralph Ingo"]
[Result "1/2-1/2"]
[WhiteElo "2079"]
[BlackElo "2066"]
[PlyCount "80"]
[EventDate "2014.??.??"]
[WhiteTeam "SV Mülheim-Nord 2"]
[BlackTeam "SV Castrop-Rauxel 1"]

1. c4 b6 2. Nc3 Bb7 3. e4 e6 4. g3 f5 5. Bg2 Nf6 6. d3 fxe4 7. dxe4 Bc5 8. Nge2
Nc6 9. O-O O-O 10. h3 Ne5 11. a3 a5 12. Rb1 a4 13. Bg5 h6 14. Bf4 Nxc4 15. Qc2
e5 16. Nxa4 exf4 17. Qxc4+ d5 18. Qb3 Bd6 19. Nac3 Kh8 20. exd5 Qe8 21. Nxf4
Bxf4 22. gxf4 Nh5 23. Rfe1 Qf7 24. Ne2 Ra5 25. Rbd1 Rd8 26. Rd4 Bxd5 27. Bxd5
Raxd5 28. Kh2 Qf5 29. Ng3 Nxg3 30. Rxd5 Nf1+ 31. Kg2 Rxd5 32. Kxf1 Rd8 33. Qe3
Rf8 34. Kg2 Qxf4 35. Qxf4 Rxf4 36. Re7 Rc4 37. Kg3 Kh7 38. h4 Kg6 39. f3 Kf6
40. Rd7 Rc2 1/2-1/2

[Event "SV Mülheim-Nord 2 - SV Castrop-Rauxel 1"]
[Site "Oberliga NRW 2013/2014"]
[Date "2014.01.12"]
[Round "5.7"]
[White "Werrn, Pascal"]
[Black "Beerdsen, Thomas"]
[Result "0-1"]
[WhiteElo "2039"]
[BlackElo "2164"]
[PlyCount "84"]
[EventDate "2014.??.??"]
[WhiteTeam "SV Castrop-Rauxel 1"]
[BlackTeam "SV Mülheim-Nord 2"]

1. d4 d5 2. c4 c6 3. Nf3 Nf6 4. e3 Bf5 5. Nc3 e6 6. Nh4 Bg4 7. Qb3 Qc7 8. h3
Bh5 9. g4 Bg6 10. Nxg6 hxg6 11. Bg2 Nbd7 12. g5 Ng8 13. Bd2 Ne7 14. e4 dxe4 15.
Bxe4 Nf5 16. Ne2 Rh4 17. Bxf5 gxf5 18. O-O-O O-O-O 19. Kb1 g6 20. Bc1 Bg7 21.
f4 c5 22. Qa3 cxd4 23. Qxa7 Qc5 24. Qxc5+ Nxc5 25. Rh2 e5 26. b4 Ne6 27. Ng1 e4
28. a4 d3 29. a5 Rd4 30. Ra2 Rxc4 31. Bd2 Bc3 32. b5 Rb4+ 33. Kc1 Bxd2+ 34.
Kxd2 Rxb5 35. a6 bxa6 36. Rxa6 Rb2+ 37. Kc3 Rc2+ 38. Kb4 Rxf4 39. Ra8+ Kb7 40.
Re8 e3+ 41. Kb3 Nc5+ 42. Ka3 Ra4# 0-1

[Event "SV Mülheim-Nord 2 - SV Castrop-Rauxel 1"]
[Site "Oberliga NRW 2013/2014"]
[Date "2014.01.12"]
[Round "5.8"]
[White "Voß, Gunther"]
[Black "Mueller, Frank"]
[Result "1/2-1/2"]
[WhiteElo "2076"]
[BlackElo "1978"]
[PlyCount "33"]
[EventDate "2014.??.??"]
[WhiteTeam "SV Mülheim-Nord 2"]
[BlackTeam "SV Castrop-Rauxel 1"]

1. e4 c5 2. Nf3 e6 3. d4 cxd4 4. Nxd4 Nc6 5. Nc3 Qc7 6. Be3 a6 7. Nxc6 Qxc6 8.
Qd4 b5 9. a3 Bb7 10. Be2 d6 11. O-O-O e5 12. Qb6 Nf6 13. f3 Qxb6 14. Bxb6 Rc8
15. g4 Be7 16. h4 O-O 17. Ba5 1/2-1/2

[Event "SV Erkenschwick 1 - SV Dinslaken 1"]
[Site "Oberliga NRW 2013/2014"]
[Date "2014.01.12"]
[Round "5.1"]
[White "Trella, Thomas"]
[Black "Bitalzadeh, Ali"]
[Result "1-0"]
[WhiteElo "2375"]
[BlackElo "2428"]
[PlyCount "69"]
[EventDate "2014.??.??"]
[WhiteTeam "SV Dinslaken 1"]
[BlackTeam "SV Erkenschwick 1"]

1. Nf3 Nf6 2. c4 g6 3. g3 Bg7 4. Bg2 O-O 5. d4 d6 6. O-O Nc6 7. Nc3 Bg4 8. h3
Bxf3 9. Bxf3 Nd7 10. e3 e5 11. dxe5 Ndxe5 12. Be2 h5 13. Qd2 f5 14. f4 Nd7 15.
Bf3 Re8 16. Qg2 Nc5 17. Bd2 Kh7 18. g4 Bh8 19. gxh5 gxh5 20. Kh2 Rg8 21. Qe2
Kh6 22. Rg1 Qe7 23. Bxh5 Bxc3 24. Bxc3 Ne4 25. Be1 Rxg1 26. Kxg1 Rg8+ 27. Kh2
Qg7 28. Bh4 Ne7 29. Bf3 Ng6 30. Rg1 Qf7 31. Bxe4 fxe4 32. Qg4 Rg7 33. Bg5+ Kh7
34. Qh5+ Kg8 35. Bh6 1-0

[Event "SV Erkenschwick 1 - SV Dinslaken 1"]
[Site "Oberliga NRW 2013/2014"]
[Date "2014.01.12"]
[Round "5.2"]
[White "Willemze, Thomas"]
[Black "Sielecki, Christof"]
[Result "1/2-1/2"]
[WhiteElo "2398"]
[BlackElo "2380"]
[Annotator "Doe,John"]
[PlyCount "119"]
[EventDate "2014.??.??"]
[WhiteTeam "SV Erkenschwick 1"]
[BlackTeam "SV Dinslaken 1"]

1. e4 e5 2. Nf3 Nc6 3. Bc4 Bc5 4. d3 Nf6 5. c3 a6 6. Bb3 Ba7 7. h3 d6 8. Nbd2
h6 9. Nf1 Ne7 10. Ng3 Ng6 11. d4 O-O 12. O-O Re8 13. Re1 c6 14. Be3 Qc7 15. Qd2
Kh7 16. Bc2 Be6 17. Nf5 Ng8 18. d5 cxd5 19. exd5 Bxf5 20. Bxf5 Bxe3 21. Bxg6+
fxg6 22. Rxe3 Nf6 23. Rd1 Rac8 24. Qc2 Qf7 25. Nd2 Rf8 26. Ne4 Nxe4 27. Rxe4
Rc5 28. Rg4 Qf5 $11 29. Qe2 Qf7 30. c4 b5 31. b3 bxc4 32. bxc4 Qf5 33. Rd3 h5
34. Re4 Qg5 35. g3 Qc1+ 36. Rd1 Qc3 37. Rb1 Rf6 38. Kg2 Rc7 39. Rb3 Qc1 40. h4
Rd7 41. f3 g5 42. Qd3 Kg8 43. Re3 g4 44. Rb1 e4 45. Rxc1 gxf3+ 46. Rxf3 exd3
47. Rxf6 gxf6 48. Kf3 d2 49. Rd1 Rc7 50. Rxd2 Rxc4 51. Re2 Rd4 52. Re6 Rxd5 53.
Rxf6 Kg7 54. Rf4 Rd3+ 55. Kg2 Ra3 56. Rd4 Rxa2+ 57. Kf3 Ra1 58. Rxd6 Rf1+ 59.
Ke4 Rf6 60. Rd5 1/2-1/2

[Event "SV Erkenschwick 1 - SV Dinslaken 1"]
[Site "Oberliga NRW 2013/2014"]
[Date "2014.01.12"]
[Round "5.3"]
[White "Kern, Guido"]
[Black "Erwich, Marc"]
[Result "1-0"]
[WhiteElo "2259"]
[BlackElo "2364"]
[PlyCount "117"]
[EventDate "2014.??.??"]
[WhiteTeam "SV Dinslaken 1"]
[BlackTeam "SV Erkenschwick 1"]

1. c4 e5 2. Nc3 Nf6 3. Nf3 Nc6 4. a3 d5 5. cxd5 Nxd5 6. Qc2 Be7 7. e3 a6 8.
Nxd5 Qxd5 9. Bd3 Qd6 10. b4 Bf6 11. Bb2 Bg4 12. Be4 Nd8 13. Rc1 c6 14. Qc5 Qxc5
15. Rxc5 Ne6 16. Rc2 Bxf3 17. Bxf3 Ke7 18. a4 Rhd8 19. Ba3 Rd3 20. Ra2 Ng5 21.
Be2 Rb3 22. O-O b5 23. Rc1 Kd7 24. h4 Ne6 25. Bf3 Rc8 26. axb5 axb5 27. Be4
Bxh4 28. Bc2 Rxa3 29. Rxa3 Be7 30. Ra7+ Rc7 31. Rxc7+ Kxc7 32. Be4 Nd8 33. Rb1
g6 34. g4 Kd7 35. Kf1 Ke6 36. Ke2 Kf6 37. Rc1 Bxb4 38. Bxc6 Ba3 39. Ra1 b4 40.
Bd5 Kg5 41. Rh1 h6 42. f3 Ne6 43. Bxe6 fxe6 44. Kd3 b3 45. Ke4 Bd6 46. Rb1 h5
47. gxh5 gxh5 48. Rxb3 h4 49. Rb7 Bf8 50. Kxe5 h3 51. Kxe6 h2 52. Rb1 Kh4 53.
d4 Kg3 54. f4 Bb4 55. d5 Bd2 56. f5 Kg2 57. f6 Bxe3 58. f7 Bg1 59. Rb2+ 1-0

[Event "SV Erkenschwick 1 - SV Dinslaken 1"]
[Site "Oberliga NRW 2013/2014"]
[Date "2014.01.12"]
[Round "5.4"]
[White "Erwich, Frank"]
[Black "Mundorf, Johannes"]
[Result "0-1"]
[WhiteElo "2290"]
[BlackElo "2200"]
[PlyCount "96"]
[EventDate "2014.??.??"]
[WhiteTeam "SV Erkenschwick 1"]
[BlackTeam "SV Dinslaken 1"]

1. c4 c5 2. Nc3 g6 3. g3 Bg7 4. Bg2 Nc6 5. e3 Bxc3 6. bxc3 b6 7. Nf3 Bb7 8. d3
Qc7 9. e4 d6 10. Be3 h6 11. Nd2 O-O-O 12. f4 Kb8 13. Qe2 Ka8 14. d4 Nf6 15. d5
Na5 16. Nb3 Nd7 17. e5 Ba6 18. e6 Bxc4 19. Qc2 Nf6 20. exf7 Bxd5 21. Nxa5 bxa5
22. Bxd5+ Nxd5 23. Qe4 Qb7 24. Rb1 Nb6 25. Qxb7+ Kxb7 26. Ke2 Rdf8 27. Rb5 Rxf7
28. Rxa5 e6 29. Rb1 Kc6 30. Rab5 Rhh7 31. Bd2 h5 32. R5b3 Rf5 33. Kf3 Rd5 34.
Be3 Rf7 35. h3 Nc4 36. Ke2 Nxe3 37. Kxe3 c4 38. Ra3 Rd3+ 39. Kf2 e5 40. Ra6+
Kd5 41. Rb5+ Ke4 42. Rc6 Rd2+ 43. Ke1 Rxa2 44. Rxd6 Kf3 45. Rxe5 Rb7 46. f5 Rh2
47. fxg6 Rh1+ 48. Kd2 Rb2# 0-1

[Event "SV Erkenschwick 1 - SV Dinslaken 1"]
[Site "Oberliga NRW 2013/2014"]
[Date "2014.01.12"]
[Round "5.5"]
[White "Ossig, Rainer"]
[Black "Krings, Christoph"]
[Result "1-0"]
[WhiteElo "2104"]
[BlackElo "2112"]
[PlyCount "93"]
[EventDate "2014.??.??"]
[WhiteTeam "SV Dinslaken 1"]
[BlackTeam "SV Erkenschwick 1"]

1. Nf3 e6 2. g3 f5 3. c4 Nf6 4. Bg2 Be7 5. O-O O-O 6. d4 d6 7. b3 c6 8. Bb2 Bd7
9. Nbd2 a5 10. Qc2 d5 11. a3 Be8 12. Ne5 Nbd7 13. Nd3 Ne4 14. f3 Nxd2 15. Qxd2
Bg5 16. f4 Be7 17. a4 Kh8 18. Ba3 Rg8 19. Qe3 Bxa3 20. Rxa3 Qf6 21. Ra2 g5 22.
cxd5 cxd5 23. Rc2 g4 24. Rc7 Rb8 25. Rfc1 Nf8 26. Rc8 Rxc8 27. Rxc8 Ng6 28. Nc5
Ne7 29. Rc7 Nc6 30. Nxe6 Bg6 31. Bxd5 Re8 32. Bc4 Bf7 33. d5 Bxe6 34. dxe6 Re7
35. Rxe7 Qxe7 36. Qc3+ Qg7 37. Qxg7+ Kxg7 38. Bd5 Kf6 39. e4 Nd4 40. exf5 b5
41. Kf2 b4 42. Ke3 Nxf5+ 43. Kd3 h5 44. Be4 Ng7 45. e7 Kxe7 46. Kc4 Ne8 47. Bg6
1-0